| 000 | 00856nam a2200289 a 4500 | ||
|---|---|---|---|
| 003 | AR-BaBNM | ||
| 005 | 20251128203113.0 | ||
| 008 | 082120s2002 ||||||||||||||000 | spa|| | ||
| 040 | _cAR-BaBNM | ||
| 100 | 1 | _aSchultz de Mantovani, Fryda | |
| 245 | 0 | 0 | _aVictoria Ocampo |
| 250 | _a2ª ed. | ||
| 260 |
_aBuenos Aires _bMinisterio de Cultura y Educación de la Nación _bMinisterio de Cultura y Educación _c1979 |
||
| 300 |
_a113 p. _bláms. |
||
| 490 | 0 | _aArgentinos en las letras | |
| 500 | _aContiene referencias bibliográficas en p. 103 | ||
| 650 | 4 | _aBIOGRAFIAS | |
| 650 | 4 | _aVIDA LITERARIA | |
| 650 | 4 | _aANTOLOGIAS | |
| 650 | 4 | _aCRITICA LITERARIA | |
| 653 | _aPOLEMICAS LITERARIAS | ||
| 653 | _aREVISTAS LITERARIAS | ||
| 655 | _aBIOGRAFIAS | ||
| 700 | 1 |
_aCrespo Montes, Raúl Máximo _eprologuista |
|
| 942 | _cBK | ||
| 998 | _cMARTIN | ||
| 999 |
_c1907 _d1907 |
||